000 00401nam a2200157Ia 4500
003 LK-CoDNM
008 010623t1899 xxu||||| |||| 00| 1 eng d
040 _aLK-CoDNM
_dLK-CoDNM
_eLK-CoDNM
041 _aeng
080 _a14 DD 25
245 _aTechnical Art Series,1898
260 _bSurvey of India Office
_aCalcutta
_c1899
300 _b?p,ill,pl., 36 cm
650 _aDecorative Work
942 _cBK
999 _c84790
_d84790